Joueurs français passés par Newcastle United - Statistiques

Statistiques générales
  • Ce quiz a été pris 117 fois
  • Le résultat moyen est 7 sur 31
Statistiques - réponses
Année Matchs Nom % Correct
2010-2015 86 Hatem Ben Arfa
76%
2019-2023 124 Allan Saint-Maximin
73%
2011-2014 93 Yohan Cabaye
71%
1995-1997 76 David Ginola
67%
2015-2016 16 Florian Thauvin
55%
2013-2014 46 Mathieu Debuchy
53%
2013-2017 141 Yoan Gouffran
39%
2011-2016 77 Gabriel Obertan
38%
2014-2015 34 Rémy Cabella
29%
2013-2016 133 Moussa Sissoko
26%
2013-2014 27 Loïc Rémy
24%
2001-2006 181 Laurent Robert
20%
2001-2002 35 Sylvain Distin
19%
2017-2021 46 Florian Lejeune
18%
1999 12 Louis Saha
16%
2013-2015 46 Mapou Yanga-Mbiwa
14%
2005-2006 59 Jean-Alain Boumsong
12%
2004-2009 154 Charles N'Zogbia
11%
2011-2016 57 Sylvain Marveaux
11%
1998 4 Stéphane Guivarc'h
7%
2012-2014 5 Romain Amalfitano
4%
1998-2000 53 Laurent Charvet
3%
2000-2007 145 Olivier Bernard
3%
1999-2001 41 Alain Goma
2%
1999-2001 70 Didier Domi
2%
2009-2010 19 Fabrice Pancrate
2%
2006-2007 39 Antoine Sibierski
1%
1998-1999 0 David Terrier
1%
1999-2000 7 Franck Dumas
1%
1998-2000 0 Lionel Perez
0%
2008-2010 0 Wesley Ngo Baheng
0%
Aucun quiz correspondant
Distribution des résultats
% des personnes avec chaque résultat
Percentile par nombre de réponses
Votre historique - résultats
Vous n’avez pas pris ce quiz